Comunidades en línea: historia, comunicación y tecnología en la emergencia de los colectivos mediáticos /
Uloženo v:
| Hlavní autor: | |
|---|---|
| Médium: | Text |
| Témata: | |
| Tagy: |
Přidat tag
Žádné tagy, Buďte první, kdo vytvoří štítek k tomuto záznamu!
|
MARC
| LEADER | 00000 a a2200000 04500 | ||
|---|---|---|---|
| 001 | 14524 | ||
| 003 | |||
| 040 | |||
| 100 | |a Siles Gonzáles, Ignacio | ||
| 245 | |a Comunidades en línea: historia, comunicación y tecnología en la emergencia de los colectivos mediáticos / |c Ignacio Siles Gonzáles | ||
| 650 | |a COMUNIDADES | ||
| 650 | |a INTERNET | ||
| 650 | |a COMUNICACION | ||
| 650 | |a COSTA RICA | ||
| 773 | |g número 109 (III) - 110 (; páginas 127-137 | ||
| 999 | |c 37338 |d 37338 | ||
| 773 | 0 | |0 18728 |9 3031 |a Universidad de Costa Rica |d San José, Costa Rica Editorial UCR 1956- |o 05836 |t Revista de Ciencias Sociales/ |x 04825276 | |
